<?xml version="1.0" encoding="UTF-8"?>
<record
    xmlns:xsi="http://www.w3.org/2001/XMLSchema-instance"
    xsi:schemaLocation="http://www.loc.gov/MARC21/slim http://www.loc.gov/standards/marcxml/schema/MARC21slim.xsd"
    xmlns="http://www.loc.gov/MARC21/slim">

  <leader>01448cam a2200301 a 4500</leader>
  <controlfield tag="001">732380</controlfield>
  <controlfield tag="005">20220326193310.0</controlfield>
  <controlfield tag="008">980406s1997    fr a     bc  l000 0 fre  </controlfield>
  <datafield tag="010" ind1=" " ind2=" ">
    <subfield code="a">   98135688 </subfield>
  </datafield>
  <datafield tag="020" ind1=" " ind2=" ">
    <subfield code="a">2902308175</subfield>
  </datafield>
  <datafield tag="035" ind1=" " ind2=" ">
    <subfield code="a">(CStRLIN)DCHA98-B259</subfield>
  </datafield>
  <datafield tag="040" ind1=" " ind2=" ">
    <subfield code="a">DLC</subfield>
    <subfield code="c">DLC</subfield>
    <subfield code="d">DLC</subfield>
  </datafield>
  <datafield tag="082" ind1=" " ind2=" ">
    <subfield code="a">730</subfield>
    <subfield code="b">A555s</subfield>
  </datafield>
  <datafield tag="100" ind1="1" ind2=" ">
    <subfield code="a">Andre, Carl,</subfield>
    <subfield code="d">1935-</subfield>
    <subfield code="9">1998</subfield>
  </datafield>
  <datafield tag="245" ind1="1" ind2="0">
    <subfield code="a">Sculptor 1997, Carl Andre, Marseille :</subfield>
    <subfield code="b">Mus&#xE9;e Cantini, exposition du 4 juillet au 21 septembre 1997.</subfield>
    <subfield code="c">Corinne Diserens, Veronique Legrand</subfield>
  </datafield>
  <datafield tag="246" ind1="3" ind2="0">
    <subfield code="a">Carl Andre</subfield>
  </datafield>
  <datafield tag="260" ind1=" " ind2=" ">
    <subfield code="a">[Marseille] :</subfield>
    <subfield code="b">Mus&#xE9;es de Marseille,</subfield>
    <subfield code="c">[1997]</subfield>
  </datafield>
  <datafield tag="300" ind1=" " ind2=" ">
    <subfield code="a">103 p. :</subfield>
    <subfield code="b">ill. ;</subfield>
    <subfield code="c">27 cm.</subfield>
  </datafield>
  <datafield tag="500" ind1=" " ind2=" ">
    <subfield code="a">Publication also accompanies the exhibition "Poetry Carl Andre" held at the Centre de la Vieille Charit&#xE9;, Marseille, Sept. 13-Nov. 16, 1997.</subfield>
  </datafield>
  <datafield tag="504" ind1=" " ind2=" ">
    <subfield code="a">Includes bibliographical references (p. 100-103).</subfield>
  </datafield>
  <datafield tag="505" ind1=" " ind2=" ">
    <subfield code="t">Avant-propos</subfield>
    <subfield code="r">Veronica Diserens</subfield>
    <subfield code="r">Veronique </subfield>
    <subfield code="t">Catalogue</subfield>
    <subfield code="t">Textes a percus sur le sens dans l&#xF3;euvre de carl Andre </subfield>
    <subfield code="r">Marianne Brouwer</subfield>
    <subfield code="t">Denys Zacharopoulos </subfield>
    <subfield code="r">Que le premier pas soit la premiere lettre</subfield>
    <subfield code="t">Anexes </subfield>
  </datafield>
  <datafield tag="600" ind1="1" ind2="0">
    <subfield code="a">Andre, Carl,</subfield>
    <subfield code="d">1935-</subfield>
    <subfield code="v">Exhibitions.</subfield>
    <subfield code="9">1999</subfield>
  </datafield>
  <datafield tag="650" ind1=" " ind2=" ">
    <subfield code="a">Exhibiciones </subfield>
    <subfield code="9">2000</subfield>
  </datafield>
  <datafield tag="710" ind1="2" ind2=" ">
    <subfield code="a">Mus&#xE9;e Cantini.</subfield>
    <subfield code="9">2001</subfield>
  </datafield>
  <datafield tag="710" ind1="2" ind2=" ">
    <subfield code="a">Centre de la Vieille Charit&#xE9;.</subfield>
    <subfield code="9">2002</subfield>
  </datafield>
  <datafield tag="906" ind1=" " ind2=" ">
    <subfield code="a">7</subfield>
    <subfield code="b">cbc</subfield>
    <subfield code="c">orignew</subfield>
    <subfield code="d">3</subfield>
    <subfield code="e">ncip</subfield>
    <subfield code="f">19</subfield>
    <subfield code="g">y-gencatlg</subfield>
  </datafield>
  <datafield tag="999" ind1=" " ind2=" ">
    <subfield code="c">416</subfield>
    <subfield code="d">416</subfield>
  </datafield>
  <datafield tag="952" ind1=" " ind2=" ">
    <subfield code="0">0</subfield>
    <subfield code="1">0</subfield>
    <subfield code="2">ddc</subfield>
    <subfield code="4">0</subfield>
    <subfield code="7">0</subfield>
    <subfield code="a">LV</subfield>
    <subfield code="b">LV</subfield>
    <subfield code="c">Monograf&#xED;as</subfield>
    <subfield code="d">2015-01-23</subfield>
    <subfield code="l">0</subfield>
    <subfield code="o">730 A555s</subfield>
    <subfield code="p">000569</subfield>
    <subfield code="r">2015-01-23 00:00:00</subfield>
    <subfield code="w">2015-01-23</subfield>
    <subfield code="y">01</subfield>
  </datafield>
</record>
